000 00335nam a2200121 a 4500
005 20140414093836.0
008 030611s19uu xx 00 eng d
050 _aCDR 770
_bPHO 1995
245 _aPhoto CD Gallery #1 :
_b2200 high-quality stunning photos on CD-ROM.
650 _aPhotography files.
942 _cAVM
999 _c109043
_d109043